Analysis of the financial performance and the determinants of profitability of Indian it firms / (Record no. 231137)
[ view plain ]
| 000 -LEADER | |
|---|---|
| fixed length control field | 00705nam a22001937a 4500 |
| 003 - CONTROL NUMBER IDENTIFIER | |
| control field | OSt |
| 005 - DATE AND TIME OF LATEST TRANSACTION | |
| control field | 20240612140156.0 |
| 008 - FIXED-LENGTH DATA ELEMENTS--GENERAL INFORMATION | |
| fixed length control field | 240612b ||||| |||| 00| 0 eng d |
| 040 ## - CATALOGING SOURCE | |
| Transcribing agency | AIMIT LIBRARY |
| 100 ## - MAIN ENTRY--PERSONAL NAME | |
| Personal name | R Harshitha. |
| Relator term | 2116058 |
| 9 (RLIN) | 170245 |
| 245 ## - TITLE STATEMENT | |
| Title | Analysis of the financial performance and the determinants of profitability of Indian it firms / |
| Statement of responsibility, etc. | By Harshitha R ; Guided by Vinay Krishna. |
| 260 ## - PUBLICATION, DISTRIBUTION, ETC. | |
| Date of publication, distribution, etc. | 2023. |
| 650 ## - SUBJECT ADDED ENTRY--TOPICAL TERM | |
| Topical term or geographic name entry element | Introduction to the study industry profile company profile and study |
| 9 (RLIN) | 170246 |
| 650 ## - SUBJECT ADDED ENTRY--TOPICAL TERM | |
| Topical term or geographic name entry element | Data analysis and interpretation |
| 9 (RLIN) | 170247 |
| 650 ## - SUBJECT ADDED ENTRY--TOPICAL TERM | |
| Topical term or geographic name entry element | Research methodology |
| 9 (RLIN) | 170248 |
| 700 ## - ADDED ENTRY--PERSONAL NAME | |
| Personal name | Krishna, Vinay. |
| Relator term | Guide |
| 9 (RLIN) | 170249 |
| 856 ## - ELECTRONIC LOCATION AND ACCESS | |
| Materials specified | Microgenesis |
| 942 ## - ADDED ENTRY ELEMENTS (KOHA) | |
| Source of classification or shelving scheme | Dewey Decimal Classification |
| Koha item type | Project Report |
| Withdrawn status | Lost status | Source of classification or shelving scheme | Damaged status | Not for loan | Collection code | Home library | Current library | Shelving location | Date acquired | Total Checkouts | Barcode | Date last seen | Copy number | Price effective from | Koha item type |
|---|---|---|---|---|---|---|---|---|---|---|---|---|---|---|---|
| Dewey Decimal Classification | Not for loan | Project Report MBA | St Aloysius Institute of Management & Information Technology | St Aloysius Institute of Management & Information Technology | Dissertations | 06/12/2024 | PRB02067 | 06/12/2024 | 2116058 | 06/12/2024 | Project Report |